[Event "Thursday 2026.01.22 2nd"]
[Site "chess.com INT"]
[Date "2026.01.22"]
[Round "9"]
[White "Keleberda, Tymur"]
[Black "Pakleza, Zbigniew"]
[Result "1-0"]
[WhiteElo "2381"]
[BlackElo "2504"]
[WhiteFideId "-1"]
[BlackFideId "-1"]
[PlyCount "85"]
[GameId "2270725502743184"]
[EventDate "2026.01.22"]
[EventType "swiss (blitz)"]
[EventRounds "11"]
[EventCountry "NET"]
[SourceTitle "Mega2026 Update 13"]
[Source "Chessbase"]
[SourceDate "2026.01.30"]
[SourceVersion "1"]
[SourceVersionDate "2026.01.30"]
[SourceQuality "1"]

1. e4 d6 2. d4 Nf6 3. Nc3 c6 4. h3 b5 5. a3 e5 6. Nge2 Nbd7 7. g4 Bb7 8. Bg2 Be7 9. O-O O-O 10. f4 a5 11. Qe1 b4 12. Nd1 Re8 13. Ng3 exd4 14. g5 c5 15. gxf6 Bxf6 16. Nf2 g6 17. Qd1 Bh4 18. Qg4 Kh8 19. Bd2 Nb6 20. b3 Bc8 21. Qf3 Bb7 22. f5 Nd7 23. Ng4 Bg5 24. Bxg5 Qxg5 25. fxg6 fxg6 26. Qf4 Qxf4 27. Rxf4 Rf8 28. Rxf8+ Rxf8 29. axb4 axb4 30. Ra7 Rb8 31. e5 Bxg2 32. Kxg2 Nf8 33. exd6 c4 34. bxc4 d3 35. cxd3 b3 36. Ne4 Ne6 37. Ngf6 Ng7 38. d7 b2 39. Rb7 b1=Q 40. Rxb1 Rf8 41. Rb7 Ne6 42. d8=Q Nxd8 43. Rxh7# 1-0

[Event "Thursday 2026.01.22 2nd"]
[Site "chess.com INT"]
[Date "2026.01.22"]
[Round "10"]
[White "Ragger, Markus"]
[Black "Keleberda, Tymur"]
[Result "1-0"]
[WhiteElo "2560"]
[BlackElo "2381"]
[WhiteFideId "-1"]
[BlackFideId "-1"]
[PlyCount "119"]
[GameId "2270725502743228"]
[EventDate "2026.01.22"]
[EventType "swiss (blitz)"]
[EventRounds "11"]
[EventCountry "NET"]
[SourceTitle "Mega2026 Update 13"]
[Source "Chessbase"]
[SourceDate "2026.01.30"]
[SourceVersion "1"]
[SourceVersionDate "2026.01.30"]
[SourceQuality "1"]

1. Nf3 Nf6 2. g3 d5 3. Bg2 Bg4 4. O-O Nbd7 5. c4 e6 6. Qb3 Nc5 7. Qc2 c6 8. d3 Be7 9. Be3 Ncd7 10. h3 Bh5 11. Nbd2 h6 12. Qb3 b6 13. Nd4 Rc8 14. cxd5 exd5 15. Nf5 O-O 16. Rfe1 Re8 17. Rac1 Bf8 18. Bf4 Nc5 19. Qc2 Bg6 20. Nd4 Qd7 21. Nxc6 Rxc6 22. b4 Rec8 23. bxc5 Rxc5 24. Qb1 Qe8 25. Nb3 Rxc1 26. Bxc1 Bb4 27. Bd2 Bd6 28. Qb2 Rc7 29. Bc3 Be7 30. Bd4 Qc8 31. Rc1 Rxc1+ 32. Nxc1 Bf5 33. g4 Be6 34. Nb3 Ne8 35. Qc3 Qxc3 36. Bxc3 Bf6 37. Bxf6 Nxf6 38. f4 Kf8 39. Kf2 Ke7 40. Ke3 Kd6 41. Kd4 g6 42. e4 dxe4 43. dxe4 Kc7 44. e5 Ng8 45. Bd5 Bxd5 46. Kxd5 Ne7+ 47. Ke4 Nc6 48. f5 gxf5+ 49. gxf5 a5 50. a4 Kd7 51. Nd4 Nb4 52. h4 Na2 53. Kd3 Nb4+ 54. Kc4 Nc6 55. Nxc6 Kxc6 56. h5 b5+ 57. axb5+ Kb6 58. e6 fxe6 59. f6 Kc7 60. f7 1-0

[Event "Titled Tuesday 2026.01.13"]
[Site "chess.com INT"]
[Date "2026.01.13"]
[Round "1"]
[White "Keleberda, Tymur"]
[Black "Malaric, Marko"]
[Result "1-0"]
[WhiteElo "2381"]
[BlackElo "2203"]
[WhiteFideId "-1"]
[BlackFideId "-1"]
[PlyCount "69"]
[GameId "2268155044609312"]
[EventDate "2026.01.13"]
[EventType "swiss (blitz)"]
[EventRounds "11"]
[EventCountry "NET"]
[SourceTitle "The Week in Chess 1628"]
[Source "Mark Crowther"]
[SourceDate "2026.01.19"]
[SourceVersion "1"]
[SourceVersionDate "2026.01.19"]
[SourceQuality "2"]

1. Nf3 Nf6 2. c4 e6 3. g3 d5 4. Bg2 Be7 5. O-O O-O 6. b3 c6 7. e3 Nbd7 8. d4 b6 9. Nc3 Bb7 10. cxd5 cxd5 11. Bb2 a6 12. Ne2 Rc8 13. Qd3 Ne4 14. Nd2 Ndf6 15. Nxe4 Nxe4 16. Rac1 Qd6 17. f3 Nf6 18. e4 dxe4 19. fxe4 e5 20. d5 Qb8 21. h3 Bc5+ 22. Kh2 Qd6 23. Rf5 Rfe8 24. Rcf1 Rc7 25. Rxf6 gxf6 26. g4 Kh8 27. Ng3 Rg8 28. Nh5 Rg6 29. Qg3 Ba3 30. Ba1 Rc2 31. Rf5 Bb2 32. Bxb2 Rxb2 33. a4 Qc5 34. Nxf6 Qg1+ 35. Kxg1 1-0

[Event "Titled Tuesday 2026.01.13"]
[Site "chess.com INT"]
[Date "2026.01.13"]
[Round "2"]
[White "Gokerkan, Cem Kaan"]
[Black "Keleberda, Tymur"]
[Result "1-0"]
[WhiteElo "2501"]
[BlackElo "2381"]
[WhiteFideId "-1"]
[BlackFideId "-1"]
[PlyCount "103"]
[GameId "2268155044736558"]
[EventDate "2026.01.13"]
[EventType "swiss (blitz)"]
[EventRounds "11"]
[EventCountry "NET"]
[SourceTitle "The Week in Chess 1628"]
[Source "Mark Crowther"]
[SourceDate "2026.01.19"]
[SourceVersion "1"]
[SourceVersionDate "2026.01.19"]
[SourceQuality "2"]

1. e4 e6 2. d4 d5 3. Nc3 Nf6 4. e5 Nfd7 5. f4 c5 6. Nf3 Nc6 7. Be3 a6 8. a3 Be7 9. Ne2 Qb6 10. Rb1 O-O 11. c3 f6 12. Qd2 Na5 13. Ng3 cxd4 14. Bxd4 Qc7 15. Bd3 Nb3 16. Qc2 Nxd4 17. Bxh7+ Kh8 18. cxd4 Qa5+ 19. b4 Qxa3 20. O-O f5 21. Bg6 Qe3+ 22. Kh1 Qxf4 23. Qc7 Qh6 24. Bxf5 exf5 25. Rbe1 Bd8 26. Qc2 f4 27. Ne2 Nb6 28. Qc5 Kg8 29. Nc3 Qc6 30. e6 Re8 31. Ne5 Qxc5 32. bxc5 Nc4 33. Nxc4 dxc4 34. d5 a5 35. Rxf4 a4 36. Ra1 Bf6 37. Rxc4 a3 38. Ra2 Bxe6 39. dxe6 Rxe6 40. g3 Re1+ 41. Kg2 Rc1 42. Ra4 Rxa4 43. Nxa4 Bb2 44. Kf3 Rc2 45. h4 Kf7 46. Ke4 Ke7 47. Kd3 Rg2 48. Kc4 Kd7 49. Kb5 Kc7 50. Nb6 Rxg3 51. Nd5+ Kb8 52. Nb4 1-0

[Event "Thursday 2026.01.01 3rd"]
[Site "chess.com INT"]
[Date "2026.01.01"]
[Round "1"]
[White "Keleberda, Tymur"]
[Black "Ashraf, Artin"]
[Result "0-1"]
[WhiteElo "2381"]
[BlackElo "2470"]
[WhiteFideId "-1"]
[BlackFideId "-1"]
[PlyCount "122"]
[GameId "2263117235215875"]
[EventDate "2026.01.01"]
[EventType "swiss (blitz)"]
[EventRounds "11"]
[EventCountry "NET"]
[SourceTitle "Mega2026 Update 10"]
[Source "Chessbase"]
[SourceDate "2026.01.09"]
[SourceVersion "1"]
[SourceVersionDate "2026.01.09"]
[SourceQuality "1"]

1. e4 e6 2. d4 d5 3. Nd2 dxe4 4. Nxe4 Nd7 5. Nf3 Ngf6 6. Bd3 Nxe4 7. Bxe4 Nf6 8. Qe2 Nxe4 9. Qxe4 c5 10. O-O cxd4 11. Rd1 Be7 12. Nxd4 Qb6 13. Be3 Qa6 14. a4 O-O 15. Nb5 Qc6 16. Qxc6 bxc6 17. Nd4 Bb7 18. c3 c5 19. Nb5 Bc6 20. Nd6 Rab8 21. Rd2 Rfd8 22. Bxc5 Bd5 23. c4 Bxc4 24. Nxc4 Bxc5 25. Rxd8+ Rxd8 26. Kf1 g5 27. Rc1 Kg7 28. Ke2 Kf6 29. Rc3 Bb4 30. Rc2 a5 31. Ne3 h5 32. h3 Rd4 33. g3 Kg6 34. Kf3 Rd7 35. Ke2 f5 36. Nc4 Kf6 37. Ne3 Rd4 38. b3 h4 39. gxh4 Rxh4 40. Rc6 Rxh3 41. Ra6 f4 42. Nd5+ Kf5 43. Nc7 Rxb3 44. Nxe6 f3+ 45. Kd1 Rd3+ 46. Kc1 Rd2 47. Ng7+ Kg4 48. Rf6 Rxf2 49. Ne6 Bc3 50. Rf7 Re2 51. Nxg5 Bd2+ 52. Kd1 Bxg5 53. Rg7 Rd2+ 54. Ke1 Rd4 55. Rf7 Kg3 56. Rg7 Rd5 57. Rg6 f2+ 58. Ke2 Re5+ 59. Kd3 f1=Q+ 60. Kd4 Qf4+ 61. Kc3 Re3+ 0-1

[Event "Thursday 2026.01.01 3rd"]
[Site "chess.com INT"]
[Date "2026.01.01"]
[Round "2"]
[White "Yu, Zechen"]
[Black "Keleberda, Tymur"]
[Result "1-0"]
[WhiteElo "2388"]
[BlackElo "2381"]
[WhiteFideId "-1"]
[BlackFideId "-1"]
[PlyCount "97"]
[GameId "2263117235224090"]
[EventDate "2026.01.01"]
[EventType "swiss (blitz)"]
[EventRounds "11"]
[EventCountry "NET"]
[SourceTitle "Mega2026 Update 10"]
[Source "Chessbase"]
[SourceDate "2026.01.09"]
[SourceVersion "1"]
[SourceVersionDate "2026.01.09"]
[SourceQuality "1"]

1. e4 e6 2. d4 d5 3. Nc3 Nf6 4. Bg5 dxe4 5. Nxe4 Be7 6. Bxf6 gxf6 7. Nf3 f5 8. Nc3 a6 9. g3 b5 10. Bg2 Bb7 11. Qd2 Bf6 12. Ne2 c5 13. O-O Nd7 14. Rfe1 Nb6 15. Rad1 Nc4 16. Qh6 Nxb2 17. Rb1 Na4 18. Nf4 Qe7 19. Nh5 Bxd4 20. Nxd4 cxd4 21. Bxb7 Qxb7 22. Qf6 Rg8 23. Ng7+ Rxg7 24. Qxg7 O-O-O 25. Qe5 Qc7 26. Qf6 Kb7 27. Rbd1 Qd7 28. Rd2 Nc5 29. Qe5 Ne4 30. Rd3 Qc7 31. Qg7 e5 32. Rf3 Rd7 33. Rxf5 Qc3 34. Rxe4 Qxc2 35. Qxe5 Qc6 36. Rxd4 Rc7 37. Rd6 Qc1+ 38. Kg2 Qc4 39. Kh3 Qf1+ 40. Kh4 Qc4+ 41. f4 Qxa2 42. Rff6 Qxh2+ 43. Kg4 h5+ 44. Kf5 Qh3+ 45. Kg5 Qxg3+ 46. Kh6 Qg1 47. Qd5+ Ka7 48. Rxa6+ Kb8 49. Ra8# 1-0

[Event "Thursday 2026.01.01 3rd"]
[Site "chess.com INT"]
[Date "2026.01.01"]
[Round "3"]
[White "Keleberda, Tymur"]
[Black "Cavanah, Troy"]
[Result "1-0"]
[WhiteElo "2381"]
[BlackElo "2122"]
[WhiteFideId "-1"]
[BlackFideId "-1"]
[PlyCount "89"]
[GameId "2263117235240510"]
[EventDate "2026.01.01"]
[EventType "swiss (blitz)"]
[EventRounds "11"]
[EventCountry "NET"]
[SourceTitle "Mega2026 Update 10"]
[Source "Chessbase"]
[SourceDate "2026.01.09"]
[SourceVersion "1"]
[SourceVersionDate "2026.01.09"]
[SourceQuality "1"]

1. Nf3 Nf6 2. c4 g6 3. Nc3 Bg7 4. d4 O-O 5. g3 d6 6. Bg2 c6 7. O-O Nbd7 8. h3 e5 9. dxe5 dxe5 10. Qc2 Qe7 11. Rd1 a5 12. Be3 Nc5 13. g4 h5 14. g5 Nfd7 15. b3 Re8 16. Nd2 e4 17. Rac1 Nb6 18. Ndxe4 Nxe4 19. Qxe4 Qf8 20. Qf4 Nd7 21. Ne4 Be5 22. Qf3 Bg7 23. Nf6+ Nxf6 24. gxf6 Bh6 25. Bxh6 Qxh6 26. Rc3 Bf5 27. h4 Bg4 28. Qg3 Rxe2 29. Rcd3 Ree8 30. R1d2 Re1+ 31. Kh2 Rae8 32. Rd8 R1e2 33. Rxe2 Rxd8 34. Re3 Bf5 35. Re5 Be6 36. Rg5 Kh7 37. Qf4 Rd7 38. Bf3 Bf5 39. Rxf5 gxf5 40. Qxf5+ Qg6 41. Qxd7 Kh6 42. Qd2+ Kh7 43. Qf4 Kg8 44. Be4 Qg4 45. Qb8+ 1-0

[Event "Thursday 2026.01.01 3rd"]
[Site "chess.com INT"]
[Date "2026.01.01"]
[Round "4"]
[White "Boutikos, Eleftherios"]
[Black "Keleberda, Tymur"]
[Result "1-0"]
[WhiteElo "2170"]
[BlackElo "2381"]
[WhiteFideId "-1"]
[BlackFideId "-1"]
[PlyCount "115"]
[GameId "2263117235256921"]
[EventDate "2026.01.01"]
[EventType "swiss (blitz)"]
[EventRounds "11"]
[EventCountry "NET"]
[SourceTitle "Mega2026 Update 10"]
[Source "Chessbase"]
[SourceDate "2026.01.09"]
[SourceVersion "1"]
[SourceVersionDate "2026.01.09"]
[SourceQuality "1"]

1. e4 e6 2. d4 d5 3. Nd2 c5 4. Ngf3 Nf6 5. e5 Nfd7 6. c3 Nc6 7. Bd3 f6 8. exf6 Nxf6 9. O-O cxd4 {The main line 9...cxd4 scores better than 9...Bd6. Die Hauptvariante 9...cxd4 punktet besser als 9...Ld6.} 10. cxd4 Bd6 11. g3 $146 (11. Re1 O-O 12. Nf1 Qb6 13. a3 Kh8 14. Bc2 Bd7 15. Ng3 Ng4 16. Qd3 g6 17. h3 Nxf2 18. Kxf2 Nxd4 19. Be3 Bxg3+ 20. Kxg3 {1-0 Nepomniachtchi,I (2794)-Bluebaum,M (2669) Titled Tuesday intern op 30th May Early Chess.com INT blitz 2023 (11)}) 11... O-O 12. a3 Bd7 13. Re1 Rc8 14. Nf1 Qb6 15. b4 a5 16. b5 Ne7 17. a4 Bb4 18. Bd2 Rf7 19. Ne5 Rff8 20. Bxb4 axb4 21. Ne3 Be8 22. N3g4 Ne4 23. Bxe4 dxe4 24. Rxe4 Nd5 25. Qd3 Rc3 26. Qd2 b3 27. Ne3 Rc8 28. Nxd5 exd5 29. Rf4 Bh5 30. Rb1 Rxf4 31. Qxf4 Rf8 32. Qh4 Be2 33. Rxb3 Qc7 34. Rb1 Qc2 35. Ra1 Qb2 36. Re1 Qd2 37. Rxe2 Qxe2 38. f4 Qd1+ 39. Kg2 Qd2+ 40. Kh3 Qxd4 41. Qe7 Qb6 42. Qxf8+ Kxf8 43. Nd7+ Ke7 44. Nxb6 Kd6 45. Kg4 d4 46. Kf3 Kc5 47. Nd7+ Kc4 48. Ke4 Kc3 49. Ne5 g6 50. a5 Kb4 51. a6 d3 52. Nxd3+ Kxb5 53. axb7 Kc4 54. b8=Q Kc3 55. Qb4+ Kc2 56. Qb2+ Kd1 57. Ke3 g5 58. Qd2# 1-0

[Event "Thursday 2026.01.01 3rd"]
[Site "chess.com INT"]
[Date "2026.01.01"]
[Round "5"]
[White "Mangudi, Amudan"]
[Black "Keleberda, Tymur"]
[Result "0-1"]
[WhiteElo "1841"]
[BlackElo "2381"]
[WhiteFideId "-1"]
[BlackFideId "-1"]
[PlyCount "58"]
[GameId "2263117235269231"]
[EventDate "2026.01.01"]
[EventType "swiss (blitz)"]
[EventRounds "11"]
[EventCountry "NET"]
[SourceTitle "Mega2026 Update 10"]
[Source "Chessbase"]
[SourceDate "2026.01.09"]
[SourceVersion "1"]
[SourceVersionDate "2026.01.09"]
[SourceQuality "1"]

1. c4 Nf6 2. Nf3 e6 3. g3 d5 4. Bg2 dxc4 5. Qa4+ Nbd7 6. Qxc4 a6 7. O-O b5 8. Qc2 Bb7 9. a4 Bd6 10. d4 O-O 11. Nbd2 e5 12. dxe5 Nxe5 13. Nxe5 Bxg2 14. Nxf7 Rxf7 15. Kxg2 Rb8 16. axb5 Rxb5 17. Nf3 h6 18. Rxa6 Qc8 19. Ra1 Qb7 20. Qc4 Rb4 21. Qe6 Re4 22. Qa2 Re8 23. Qa7 Qe4 24. Be3 Nd5 25. Bd4 Qxe2 26. Ra3 Bxa3 27. Qxa3 Ne3+ 28. Bxe3 Rxf3 29. Bc5 Rxa3 0-1

[Event "Thursday 2026.01.01 3rd"]
[Site "chess.com INT"]
[Date "2026.01.01"]
[Round "6"]
[White "Keleberda, Tymur"]
[Black "Estrada Nieto, Julian"]
[Result "1-0"]
[WhiteElo "2381"]
[BlackElo "2177"]
[WhiteFideId "-1"]
[BlackFideId "-1"]
[PlyCount "129"]
[GameId "2263117235289757"]
[EventDate "2026.01.01"]
[EventType "swiss (blitz)"]
[EventRounds "11"]
[EventCountry "NET"]
[SourceTitle "Mega2026 Update 10"]
[Source "Chessbase"]
[SourceDate "2026.01.09"]
[SourceVersion "1"]
[SourceVersionDate "2026.01.09"]
[SourceQuality "1"]

1. Nf3 d5 2. e3 Nf6 3. c4 dxc4 4. Bxc4 e6 5. O-O c5 6. Nc3 a6 7. b3 Nc6 8. Bb2 Be7 9. d4 cxd4 10. exd4 Nb4 11. Ne5 O-O 12. Qf3 Qxd4 13. Nd5 Qxb2 14. Nxe7+ Kh8 15. Nxc8 Qxe5 16. Nb6 Rad8 17. Qxb7 Rd2 18. Rad1 Ng4 19. g3 Qh5 20. h4 Rxd1 21. Rxd1 Nxf2 22. Rf1 Nbd3 23. Bxd3 Nxd3 24. Nd7 Nc5 25. Qc6 Nxd7 26. Qxd7 h6 27. Qd6 Rc8 28. Rf2 Rc1+ 29. Kh2 Qd5 30. Qxd5 exd5 31. Rxf7 Rc2+ 32. Kh3 Rxa2 33. Rd7 Rb2 34. Rxd5 Rxb3 35. Rd6 Ra3 36. Rd8+ Kh7 37. Ra8 a5 38. h5 a4 39. Kg4 Ra1 40. Ra7 a3 41. Ra8 g5 42. Ra7+ Kg8 43. Kf5 Kf8 44. Kg6 g4 45. Kxh6 a2 46. Kg6 Rg1 47. Rxa2 Rxg3 48. h6 Rh3 49. Ra7 g3 50. h7 g2 51. Kf6 Rh6+ 52. Kg5 g1=Q+ 53. Kxh6 Qh2+ 54. Kg6 Qg3+ 55. Kh6 Qf4+ 56. Kg6 Qg4+ 57. Kf6 Qd4+ 58. Kg6 Qe4+ 59. Kh6 Qf4+ 60. Kg6 Qg3+ 61. Kh6 Qh4+ 62. Kg6 Qe4+ 63. Kf6 Qd4+ 64. Kg5 Qxa7 65. Kg6 1-0

[Event "Thursday 2026.01.01 3rd"]
[Site "chess.com INT"]
[Date "2026.01.01"]
[Round "8"]
[White "Lai, Duc Minh1"]
[Black "Keleberda, Tymur"]
[Result "1-0"]
[WhiteElo "2126"]
[BlackElo "2381"]
[WhiteFideId "-1"]
[BlackFideId "-1"]
[PlyCount "63"]
[GameId "2263117235310285"]
[EventDate "2026.01.01"]
[EventType "swiss (blitz)"]
[EventRounds "11"]
[EventCountry "NET"]
[SourceTitle "Mega2026 Update 10"]
[Source "Chessbase"]
[SourceDate "2026.01.09"]
[SourceVersion "1"]
[SourceVersionDate "2026.01.09"]
[SourceQuality "1"]

1. e4 a6 2. c4 e6 3. Nc3 c5 4. d4 cxd4 5. Qxd4 Nc6 6. Qd3 Nge7 7. Nf3 Ng6 8. Be3 Be7 9. Be2 O-O 10. O-O f5 11. exf5 Rxf5 12. Rfd1 Qf8 13. Bf1 Rxf3 14. gxf3 Nce5 15. Qe4 Nxf3+ 16. Kh1 Nfh4 17. Qg4 d6 18. Qe4 Rb8 19. Bh3 Kh8 20. f4 b5 21. Bxe6 Bf6 22. Nd5 Bb7 23. f5 Ne5 24. Bf2 Qd8 25. b3 Ba8 26. Rd4 Nef3 27. Rad1 Nxd4 28. Bxd4 Bxd4 29. Rxd4 bxc4 30. Qxh4 Qa5 31. Qxh7+ Kxh7 32. Rh4# 1-0

[Event "SPICE Cup op"]
[Site "Bellevue USA"]
[Date "2025.11.19"]
[Round "1"]
[White "Keleberda, Tymur"]
[Black "Kona, Vidip"]
[Result "1-0"]
[WhiteElo "2370"]
[BlackElo "2053"]
[WhiteFideId "-1"]
[BlackFideId "-1"]
[PlyCount "107"]
[GameId "2247881873999273"]
[EventDate "2025.11.19"]
[EventType "swiss"]
[EventRounds "9"]
[EventCountry "USA"]
[SourceTitle "Mega2025 Update 56"]
[Source "Chessbase"]
[SourceDate "2025.11.28"]
[SourceVersion "1"]
[SourceVersionDate "2025.11.28"]
[SourceQuality "1"]

1. e4 c6 2. d4 d5 3. e5 Bf5 4. h4 h5 5. c4 e6 6. Nc3 Ne7 {6...dxc4 is more advanced technology. 6...dxc4 ist hochmodern.} 7. Nge2 dxc4 8. Ng3 b5 9. a4 b4 10. Na2 b3 11. Nc3 Bc2 12. Qd2 Bd3 $146 (12... Nd5 13. Bxc4 Bb4 14. Bd3 c5 15. O-O cxd4 16. Bb5+ Nd7 17. Qxd4 Qb6 18. Qc4 Bxc3 19. bxc3 {0-1 Gomez Garrido,C (2524)-Burmakin,V (2579) Balaguer op 16th  2011 (7)}) 13. Bxd3 cxd3 14. Qxd3 Nd5 15. Nce2 Qb6 16. O-O Nd7 17. Bg5 c5 18. Rfe1 cxd4 19. Nxd4 Bb4 20. Re2 Be7 21. a5 Qb7 22. Nxe6 fxe6 23. Qg6+ Kd8 24. Qxg7 Re8 25. Nxh5 Qb5 26. Rd2 Kc7 27. Bxe7 Nxe7 28. Nf6 Nxe5 29. Rc1+ Kb7 30. a6+ Kxa6 31. Rd6+ Ka5 32. Nxe8 Rxe8 33. Rxe6 Nf3+ 34. Kh1 Qb4 35. Qf6 Qxh4+ 36. Qxh4 Nxh4 37. Rc5+ Kb4 38. Rh5 Nhf5 39. Re4+ Kc5 40. Rxf5+ Nxf5 41. Rxe8 Nd6 42. Re3 Kb4 43. g4 Nc4 44. g5 Nxb2 45. g6 Nd1 46. Rxb3+ Kxb3 47. Kg2 a5 48. g7 a4 49. g8=Q+ Kb2 50. Qb8+ Ka2 51. Qb4 a3 52. Kf1 Nb2 53. Ke2 Kb1 54. Qxa3 1-0

[Event "SPICE Cup op"]
[Site "Bellevue USA"]
[Date "2025.11.20"]
[Round "2"]
[White "Lee, Megan Shuen Hui"]
[Black "Keleberda, Tymur"]
[Result "0-1"]
[WhiteElo "2214"]
[BlackElo "2370"]
[WhiteFideId "-1"]
[BlackFideId "-1"]
[PlyCount "76"]
[GameId "2247881874007481"]
[EventDate "2025.11.19"]
[EventType "swiss"]
[EventRounds "9"]
[EventCountry "USA"]
[SourceTitle "Mega2025 Update 56"]
[Source "Chessbase"]
[SourceDate "2025.11.28"]
[SourceVersion "1"]
[SourceVersionDate "2025.11.28"]
[SourceQuality "1"]

1. e4 e6 2. d4 d5 3. e5 c5 4. c3 Qb6 5. Nf3 Nc6 6. a3 f6 7. Bd3 fxe5 8. dxe5 c4 9. Bc2 Nh6 10. O-O Nf7 11. Qe2 Bc5 12. Nbd2 Qc7 13. b4 Bb6 14. Ba4 O-O 15. Bxc6 bxc6 16. Re1 a5 17. Bb2 Bd7 18. Nd4 Bxd4 19. cxd4 axb4 20. axb4 Rfb8 21. Bc3 Nh6 22. Nf1 Be8 23. Ra2 Bg6 24. Ne3 Bd3 25. Qd2 Qf7 26. Rea1 Rxa2 27. Rxa2 Nf5 28. Nxf5 Qxf5 29. Ra7 h5 30. Rc7 Ra8 31. Rxc6 h4 32. h3 Ra3 33. b5 Rb3 34. b6 Kh7 35. Kh2 Qg6 36. Qe1 Rb1 37. b7 Rxe1 38. Bxe1 Bf1 0-1

[Event "SPICE Cup op"]
[Site "Bellevue USA"]
[Date "2025.11.20"]
[Round "3"]
[White "Keleberda, Tymur"]
[Black "Corrales Jimenez, Fidel"]
[Result "0-1"]
[WhiteElo "2370"]
[BlackElo "2519"]
[WhiteFideId "-1"]
[BlackFideId "-1"]
[PlyCount "104"]
[GameId "2247881874015687"]
[EventDate "2025.11.19"]
[EventType "swiss"]
[EventRounds "9"]
[EventCountry "USA"]
[SourceTitle "Mega2025 Update 56"]
[Source "Chessbase"]
[SourceDate "2025.11.28"]
[SourceVersion "1"]
[SourceVersionDate "2025.11.28"]
[SourceQuality "1"]

1. e4 c6 2. d4 d5 3. e5 Bf5 4. h4 h6 5. g4 Bd7 6. Nc3 e6 7. Be3 h5 8. gxh5 Nh6 9. f4 Nf5 10. Bf2 c5 11. Nf3 cxd4 12. Nxd4 Nxd4 13. Qxd4 Nc6 14. Qd2 Rxh5 15. Be2 Rh6 16. Nb5 a6 17. Nd4 Nxd4 18. Bxd4 Rxh4 19. O-O-O Rc8 20. Bd3 g6 21. Qf2 Rxh1 22. Rxh1 Bb5 23. Bxb5+ axb5 24. Rh8 Kd7 25. Rh7 Be7 26. Qe2 Rc4 27. c3 Qg8 28. Rh3 b4 29. b3 Rc6 30. Qb5 Qa8 31. Kb1 bxc3 32. Bxc3 Qa6 33. Qxa6 bxa6 34. Bd2 Bc5 35. a4 Rc8 36. Rh7 Ke7 37. Be1 Rg8 38. Bh4+ Ke8 39. Kc2 Be7 40. Bf6 Bxf6 41. exf6 Rf8 42. Kc3 Kd7 43. Kd4 Kd6 44. Rg7 a5 45. Rh7 e5+ 46. fxe5+ Ke6 47. Rh3 Rb8 48. Rd3 g5 49. Kc5 g4 50. Rxd5 Rxb3 51. Rd4 g3 52. Re4 Rb4 0-1

[Event "SPICE Cup op"]
[Site "Bellevue USA"]
[Date "2025.11.21"]
[Round "4"]
[White "Stearman, Josiah P"]
[Black "Keleberda, Tymur"]
[Result "0-1"]
[WhiteElo "2477"]
[BlackElo "2370"]
[WhiteFideId "-1"]
[BlackFideId "-1"]
[PlyCount "64"]
[GameId "2247881874015707"]
[EventDate "2025.11.19"]
[EventType "swiss"]
[EventRounds "9"]
[EventCountry "USA"]
[SourceTitle "Mega2025 Update 56"]
[Source "Chessbase"]
[SourceDate "2025.11.28"]
[SourceVersion "1"]
[SourceVersionDate "2025.11.28"]
[SourceQuality "1"]

1. e4 e6 2. d4 d5 3. Nd2 c5 4. Ngf3 Nf6 5. e5 Nfd7 6. c3 Nc6 7. Bd3 f6 8. exf6 Nxf6 9. O-O cxd4 $1 {9...cxd4 scores better than 9...Bd6. 9...cxd4 punktet besser als 9...Ld6.} 10. cxd4 Bd6 11. b3 O-O 12. Bb2 Qb6 {was the old line (12...Bd7). war die alte Variante (12...Ld7).} 13. Ne5 a5 14. Ndf3 a4 15. Re1 a3 $146 (15... Bb4 16. Re3 a3 17. Bc1 g6 18. Bc2 Bd7 19. Nxc6 bxc6 20. Ne5 {1-0 Mauro,L (2180)-Mokeev,V (1914) BI-2015-F-0000 LSS email}) 16. Bc3 g6 17. Rc1 Nh5 18. Qd2 Qd8 19. Nxc6 bxc6 20. Ne5 c5 21. dxc5 Bxc5 22. Ng4 d4 23. Ba1 Bb6 24. Bc4 Qd6 25. Qh6 Ra5 26. Rcd1 Nf4 27. Re4 Rh5 28. Rdxd4 Bxd4 29. Rxd4 Qc7 30. Rd5 exd5 31. Qxh5 Bxg4 32. Bxd5+ Be6 0-1

[Event "SPICE Cup op"]
[Site "Bellevue USA"]
[Date "2025.11.21"]
[Round "5"]
[White "Keleberda, Tymur"]
[Black "Bick, Gabriel James"]
[Result "1-0"]
[WhiteElo "2370"]
[BlackElo "2370"]
[WhiteFideId "-1"]
[BlackFideId "-1"]
[PlyCount "87"]
[GameId "2247881874023919"]
[EventDate "2025.11.19"]
[EventType "swiss"]
[EventRounds "9"]
[EventCountry "USA"]
[SourceTitle "Mega2025 Update 56"]
[Source "Chessbase"]
[SourceDate "2025.11.28"]
[SourceVersion "1"]
[SourceVersionDate "2025.11.28"]
[SourceQuality "1"]

1. e4 e5 2. Nf3 Nc6 3. Bc4 Nf6 4. d4 exd4 5. e5 d5 6. Bb5 Nd7 7. O-O Be7 8. Bxc6 bxc6 9. Nxd4 Nb8 10. Nc3 O-O 11. Qf3 Qd7 12. h3 a5 13. g4 Re8 14. Nf5 Bb7 15. Bf4 Na6 16. Rfe1 Nc5 17. Rad1 Ne6 18. Bc1 Rad8 19. Qg3 c5 20. f4 Nd4 21. Nxd4 cxd4 22. Ne2 f6 23. Nxd4 fxe5 24. fxe5 Bc5 25. c3 Bb6 26. Kh2 c5 27. Nf5 Bc7 28. Bg5 Rb8 29. Rd2 Re6 30. Bf4 Rf8 31. Qe3 g6 32. Nh6+ Kg7 33. g5 Qc6 34. Rf2 d4 35. cxd4 cxd4 36. Qd2 Bb6 37. Kg3 d3 38. Rff1 Qc2 39. Rc1 Qxd2 40. Bxd2 Re7 41. Bc3 Bc7 42. Kh4 Re6 43. Bb4 Rf7 44. Rxf7+ 1-0

[Event "SPICE Cup op"]
[Site "Bellevue USA"]
[Date "2025.11.22"]
[Round "6"]
[White "Keleberda, Tymur"]
[Black "Belous, Vladimir"]
[Result "1-0"]
[WhiteElo "2370"]
[BlackElo "2495"]
[WhiteFideId "-1"]
[BlackFideId "-1"]
[PlyCount "107"]
[GameId "2247881874032127"]
[EventDate "2025.11.19"]
[EventType "swiss"]
[EventRounds "9"]
[EventCountry "USA"]
[SourceTitle "Mega2025 Update 56"]
[Source "Chessbase"]
[SourceDate "2025.11.28"]
[SourceVersion "1"]
[SourceVersionDate "2025.11.28"]
[SourceQuality "1"]

1. e4 c5 2. Nf3 Nc6 3. Bb5 g6 4. Bxc6 bxc6 5. O-O Bg7 6. h3 Nh6 7. c3 O-O 8. d3 d6 9. e5 dxe5 10. Nxe5 Qd5 11. Re1 Rd8 12. c4 Qd6 13. Nc3 Nf5 14. Bf4 f6 15. Nf7 Qxf4 16. Nxd8 Qd6 17. Qa4 Qxd8 18. Qxc6 Bd7 19. Qxc5 e6 20. f4 Bf8 21. Qf2 Rc8 22. Ne4 Bc6 23. Rad1 Nd4 24. Kh1 Kg7 25. b3 Bb4 26. Rf1 a5 27. Qb2 Rb8 28. Kh2 Qd7 29. Rc1 f5 30. Nc3 Bc5 31. Ne2 Qd6 32. Rce1 Kf7 33. Nxd4 Bxd4 34. Qd2 g5 35. Qe2 h6 36. Qh5+ Kg7 37. g3 Bf6 38. Qe2 Re8 39. Qe3 Kh7 40. fxg5 hxg5 41. Qb6 Kg6 42. Re2 Qxd3 43. Rfe1 Be4 44. Re3 Qd7 45. Qxa5 Ra8 46. Qb4 Rh8 47. Rxe4 fxe4 48. c5 Bd4 49. c6 Qd5 50. Rf1 g4 51. h4 Bf6 52. Rf4 e3 53. Rxg4+ Bg5 54. Qf4 1-0